Normal view
MARC view
- Jawwad,Abdul
Entry Personal Name
001 - CONTROL NUMBER
- control field: 133242
003 - CONTROL NUMBER IDENTIFIER
- control field: NUST
005 - DATE AND TIME OF LATEST TRANSACTION
- control field: 20260216120424.0
008 - FIXED-LENGTH DATA ELEMENTS
- fixed length control field: 260216|| aca||aabn | a|a d
040 ## - CATALOGING SOURCE
- Original cataloging agency: NUST
- Transcribing agency: NUST
100 ## - HEADING--PERSONAL NAME
- Personal name: Jawwad,Abdul
670 ## - SOURCE DATA FOUND
- Source citation: Work cat.: (NUST)351207: Jawwad,Abdul., Transformation at the federal board of revenue ( FBR),Pakistan., 2012.
